| 000 | 01389nam a22003494a 4500 | ||
|---|---|---|---|
| 001 | ebr10015418 | ||
| 003 | CaPaEBR | ||
| 006 | m u | ||
| 007 | cr cn||||||||| | ||
| 008 | 000414s2000 enkb sb 001 0 eng | ||
| 010 | _z 00009109 | ||
| 020 | _z0745316948 (hardback) | ||
| 020 | _z074531693X (paperback) | ||
| 040 |
_aCaPaEBR _cCaPaEBR |
||
| 035 | _a(OCoLC)191935977 | ||
| 050 | 1 | 4 |
_aDS432.E95 _bS63 2000eb |
| 082 | 0 | 4 |
_a305.5/13/095483 _221 |
| 100 | 1 | _aOsella, Filippo. | |
| 245 | 1 | 0 |
_aSocial mobility in Kerala _h[electronic resource] : _bmodernity and identity in conflict / _cFilippo Osella and Caroline Osella. |
| 260 |
_aLondon ; _aSterling, Va. : _bPluto Press, _cc2000. |
||
| 300 |
_axi, 320 p. : _bmaps. |
||
| 490 | 1 | _aAnthropology, culture, and society | |
| 504 | _aIncludes bibliographical references (p. 287-306) and index. | ||
| 533 |
_aElectronic reproduction. _bPalo Alto, Calif. : _cebrary, _d2013. _nAvailable via World Wide Web. _nAccess may be limited to ebrary affiliated libraries. |
||
| 650 | 0 | _aEzhavas. | |
| 650 | 0 |
_aSocial mobility _zIndia _zKerala. |
|
| 655 | 7 |
_aElectronic books. _2local |
|
| 700 | 1 | _aOsella, Caroline. | |
| 710 | 2 | _aebrary, Inc. | |
| 830 | 0 | _aAnthropology, culture, and society. | |
| 856 | 4 | 0 |
_uhttp://site.ebrary.com/lib/rucke/Doc?id=10015418 _zAn electronic book accessible through the World Wide Web; click to view |
| 999 |
_c11689 _d11689 |
||